<?xml version="1.0" encoding="UTF-8"?>
<record
    xmlns:xsi="http://www.w3.org/2001/XMLSchema-instance"
    xsi:schemaLocation="http://www.loc.gov/MARC21/slim http://www.loc.gov/standards/marcxml/schema/MARC21slim.xsd"
    xmlns="http://www.loc.gov/MARC21/slim">

  <leader>007530000a22001210004500</leader>
  <datafield tag="773" ind1="0" ind2=" ">
    <subfield code="t">Revista Quid ...Investigaci&#xF3;n, ciencia y tecnolog&#xED;</subfield>
  </datafield>
  <datafield tag="100" ind1="1" ind2=" ">
    <subfield code="a">Mu&#xF1;oz Cardona,</subfield>
  </datafield>
  <datafield tag="245" ind1="1" ind2="0">
    <subfield code="a">Formular preguntas</subfield>
  </datafield>
  <datafield tag="300" ind1=" " ind2=" ">
    <subfield code="a">no.12 (dic., 2009), p. 47-52</subfield>
  </datafield>
  <datafield tag="520" ind1=" " ind2=" ">
    <subfield code="a">Para podernos apropiar de conocimiento, lo mismo que para poder generar conocimiento nuevo necesitamos de una herramienta b&#xE1;sica: la de formular preguntas. El ensayo busca que nosotros pensemos est&#xE1; herramienta de una forma t&#xE9;cnica y que dejemos de aplicarla de forma autom&#xE1;tica o sin consciencia. Una pregunta nos hace pensar, generar nuevas relaciones, lenguaje y realidades y en consecuencia nos hace extender nuestro estrecho y limitado mundo.</subfield>
  </datafield>
  <datafield tag="650" ind1="1" ind2="4">
    <subfield code="a">CONOCIMIENTO</subfield>
  </datafield>
  <datafield tag="942" ind1=" " ind2=" ">
    <subfield code="c">ANA</subfield>
  </datafield>
  <datafield tag="952" ind1=" " ind2=" ">
    <subfield code="0">0</subfield>
    <subfield code="1">0</subfield>
    <subfield code="4">0</subfield>
    <subfield code="7">0</subfield>
    <subfield code="8">HEM</subfield>
    <subfield code="a">FUSBC</subfield>
    <subfield code="b">FUSBC</subfield>
    <subfield code="d">2016-01-26</subfield>
    <subfield code="l">0</subfield>
    <subfield code="o"> </subfield>
    <subfield code="r">2016-01-26 00:00:00</subfield>
    <subfield code="w">2016-01-26</subfield>
    <subfield code="y">ANA</subfield>
  </datafield>
  <datafield tag="999" ind1=" " ind2=" ">
    <subfield code="c">63135</subfield>
    <subfield code="d">63135</subfield>
  </datafield>
</record>
